The women in Shashi Deshpande's novels / (Record no. 39652)
[ view plain ]
| 000 -LEADER | |
|---|---|
| fixed length control field | 00839nam a22002417a 4500 |
| 005 - DATE AND TIME OF LATEST TRANSACTION | |
| control field | 20100806114130.0 |
| 010 ## - LCCN (DPL NO) | |
| LC control number | ENG-98334 |
| 020 ## - INTERNATIONAL STANDARD BOOK NUMBER | |
| International Standard Book Number | 8189985051 |
| Terms of availability | 75.00 |
| 020 ## - INTERNATIONAL STANDARD BOOK NUMBER | |
| International Standard Book Number | 9788189985059 |
| Terms of availability | 75.00 |
| 035 ## - SYSTEM CONTROL NUMBER | |
| System control number | EN-81867 |
| 037 ## - SOURCE OF ACQUISITION | |
| Source of stock number/acquisition | DBAD/PUB |
| 082 ## - DEWEY DECIMAL CLASSIFICATION NUMBER | |
| Classification number | 880.8 |
| 100 ## - MAIN ENTRY--PERSONAL NAME | |
| Personal name | Palani, N. |
| 245 ## - TITLE STATEMENT | |
| Title | The women in Shashi Deshpande's novels / |
| Statement of responsibility, etc | by N. Palani |
| 260 ## - PUBLICATION, DISTRIBUTION, ETC. (IMPRINT) | |
| Place of publication, distribution, etc | Chennai |
| Name of publisher, distributor, etc | Mayura Books |
| Date of publication, distribution, etc | 2009 |
| 270 ## - ADDRESS | |
| Address | No. 12/1, East Mada Street, Mylapore |
| City | Chennai |
| Postal code | 600004 |
| 300 ## - PHYSICAL DESCRIPTION | |
| Extent | 77p. |
| Dimensions | 20cm (pbk) |
| 500 ## - GENERAL NOTE | |
| General note | includes bibliographical references |
| 650 ## - SUBJECT ADDED ENTRY--TOPICAL TERM | |
| Topical term or geographic name as entry element | woman as literary characters |
| 650 ## - SUBJECT ADDED ENTRY--TOPICAL TERM | |
| Topical term or geographic name as entry element | Literature |
| 942 ## - ADDED ENTRY ELEMENTS (KOHA) | |
| Source of classification or shelving scheme | Dewey Decimal Classification |
| Item type | English Books |
| Classification part | 880.8 |
| Call number suffix | PAL |
| Withdrawn status | Lost status | Not for loan | Collection code | Home library | Current library | Date acquired | Source of acquisition | Cost, normal purchase price | Full call number | Barcode | Copy number | Cost, replacement price | Koha item type |
|---|---|---|---|---|---|---|---|---|---|---|---|---|---|
| Not For Loan | Non-fiction | D.B.Act.Division | D.B.Act.Division | 06/08/2010 | DBAD/PUB | 75.00 | 880.8 PAL | EN-81867 | 1 | 75.00 | English Books |
